| 000 | 00984nam a2200277 i 4500 | ||
|---|---|---|---|
| 003 | DO-SdBNP | ||
| 005 | 20241014094427.0 | ||
| 007 | ta | ||
| 008 | 241014s1997 dr 000 0 spa d | ||
| 040 |
_aDO-SdBNP _bspa _cBNPHU _erda |
||
| 082 |
_bM826m _222 |
||
| 100 |
_4aut. _aMoquete de la Rosa, Jacobo _91678 _eautor |
||
| 245 | 1 | 3 |
_aEl movimiento renovador universitario : _bantecedentes, origen en la revolución del 65, y período inicial / _cJacobo Moquete de la Rosa |
| 264 | 1 |
_aSanto Domingo : _bEditora Universitaria-UASD, _c1997. |
|
| 300 |
_a19 páginas _c21 cm. |
||
| 336 |
_atexto _btxt _2rdacontent |
||
| 337 |
_asin mediación _bn _2rdamedia |
||
| 338 |
_avolumen _bnc _2rdacarrier |
||
| 490 | 1 |
_apublicaciones de la Universidad Autónoma de Santo Domingo _v836 |
|
| 490 | 1 |
_aDiscursos _v16 |
|
| 500 | _aIncluye índice | ||
| 590 | _aInventariado, 2024/ YL | ||
| 710 | 1 |
_aUniversidad Autónoma de Santo Domingo (UASD) _984760 |
|
| 910 | _aYLockward | ||
| 942 |
_2ddc _cLF2 |
||
| 999 |
_c57837 _d57837 |
||